[Event "Montevideo Duchamp Cup 3rd"]
[Site "Montevideo"]
[Date "2019.02.10"]
[Round "3"]
[White "Fiora, Emilio"]
[Black "Lujan, Carolina"]
[Result "1/2-1/2"]
[WhiteElo "2190"]
[BlackElo "2357"]
[PlyCount "44"]
[EventDate "2019.02.09"]
[EventType "swiss"]
[EventRounds "9"]
[EventCountry "URU"]
[SourceTitle "CBM 188 Extra"]
[Source "ChessBase"]
[SourceDate "2019.02.26"]
[SourceVersion "1"]
[SourceVersionDate "2019.02.26"]
[SourceQuality "1"]

1. e4 c5 2. Nf3 Nc6 3. Bb5 e6 4. 0-0 Nge7 5. d4 cxd4 6. Nxd4 a6 7. Be2 Ng6 8. c4 Qc7 9. Be3 Be7 10. Nc3 0-0 11. Nb3 b6 12. Rc1 Na5 13. Nd4 Bb7 14. a3 Nf4 15. Bf3 Ng6 16. Na4 Ne5 17. Bf4 d6 18. c5 bxc5 19. b4 Nac6 20. bxc5 Nxf3+ 21. Nxf3 e5 22. Be3 Rad8 1/2-1/2

[Event "Santa Fe Litoral op"]
[Site "Santa Fe"]
[Date "2018.10.26"]
[Round "1.11"]
[White "Fiora, Emilio"]
[Black "Salcedo Arias, Luis Carlos"]
[Result "1-0"]
[WhiteElo "2180"]
[BlackElo "1534"]
[PlyCount "105"]
[EventDate "2018.10.26"]
[EventType "swiss"]
[EventRounds "6"]
[EventCountry "ARG"]
[SourceTitle "EXT 2024"]
[Source "ChessBase"]
[SourceDate "2023.10.10"]
[SourceVersion "1"]
[SourceVersionDate "2023.10.10"]
[SourceQuality "1"]

1. d4 Nf6 2. Nc3 d5 3. Bg5 e6 4. e4 dxe4 5. Nxe4 Be7 6. Bxf6 Bxf6 7. Nf3 0-0 8. Nxf6+ Qxf6 9. Bd3 Nd7 10. Qe2 c5 11. 0-0-0 cxd4 12. Nxd4 Nc5 13. Kb1 b6 14. f3 Nxd3 15. Qxd3 Bb7 16. Nb5 Rfd8 17. Qa3 a6 18. Nd6 Bd5 19. c4 Qe7 20. Nb5 Qxa3 21. Nxa3 Bc6 22. Kc2 Kf8 23. Kc3 Ke7 24. b4 b5 25. Rxd8 Rxd8 26. c5 f5 27. Nc2 e5 28. Ne3 Kf6 29. Rd1 Rxd1 30. Nxd1 e4 31. fxe4 fxe4 32. Kd4 Kf5 33. Ke3 Ke5 34. Nc3 g5 35. a3 h5 36. Ne2 Bb7 37. Nd4 Kd5 38. Nf5 a5 39. Nd6 Ba8 40. Nc8 axb4 41. axb4 Kc4 42. Na7 Bd5 43. c6 Kxb4 44. c7 Bb7 45. Kd4 Ka5 46. c8Q Bxc8 47. Nxc8 b4 48. Nb6 Kb5 49. Nc4 b3 50. Nd2 Kb4 51. Nxb3 Kxb3 52. Kxe4 Kc4 53. Kf5 1-0

[Event "Villa Martelli op-A 21st"]
[Site "Villa Martelli"]
[Date "2014.11.13"]
[Round "7"]
[White "Fiora, Emilio"]
[Black "Blit, Jacques"]
[Result "1/2-1/2"]
[WhiteElo "2236"]
[BlackElo "2337"]
[PlyCount "61"]
[EventDate "2014.11.07"]
[EventType "swiss"]
[EventRounds "9"]
[EventCountry "ARG"]
[SourceTitle "CBM 163 Extra"]
[Source "ChessBase"]
[SourceDate "2014.12.23"]
[SourceVersion "1"]
[SourceVersionDate "2014.12.23"]
[SourceQuality "1"]

1. e4 d6 2. d4 Nf6 3. Nc3 g6 4. Be3 Bg7 5. f3 c6 6. Qd2 b5 7. g4 h5 8. g5 Nfd7 9. f4 Nb6 10. Bd3 Nc4 11. Bxc4 bxc4 12. Nf3 Qa5 13. Ne2 Qxd2+ 14. Kxd2 Bg4 15. Nh4 Bxe2 16. Kxe2 0-0 17. c3 Nd7 18. b3 Nb6 19. f5 Kh7 20. Rhf1 Rac8 21. Rab1 c5 22. fxg6+ fxg6 23. Rxf8 Rxf8 24. bxc4 cxd4 25. cxd4 Nxc4 26. Rb7 Rf7 27. Nf3 a5 28. Rc7 Na3 29. Rb7 Nc4 30. Rc7 Na3 31. Rb7 1/2-1/2

[Event "Villa Martelli op-A 21st"]
[Site "Villa Martelli"]
[Date "2014.11.10"]
[Round "4"]
[White "Cuevas, Alex"]
[Black "Fiora, Emilio"]
[Result "0-1"]
[WhiteElo "2262"]
[BlackElo "2236"]
[PlyCount "134"]
[EventDate "2014.11.07"]
[EventType "swiss"]
[EventRounds "9"]
[EventCountry "ARG"]
[SourceTitle "CBM 163 Extra"]
[Source "ChessBase"]
[SourceDate "2014.12.23"]
[SourceVersion "1"]
[SourceVersionDate "2014.12.23"]
[SourceQuality "1"]

1. g3 d5 2. Bg2 Bf5 3. d3 e6 4. Nf3 h6 5. b3 Nf6 6. Bb2 Nbd7 7. 0-0 Be7 8. e3 0-0 9. Qe2 c5 10. Nbd2 Nb6 11. e4 Bh7 12. Ne5 Bd6 13. Nxf7 Rxf7 14. e5 d4 15. Rae1 Bf5 16. h3 Bxe5 17. Qxe5 Nfd7 18. Qe2 Nd5 19. Bxd5 exd5 20. g4 Bh7 21. Qe6 Nf8 22. Qe5 Ng6 23. Qg3 Qf6 24. b4 b6 25. bxc5 bxc5 26. Nb3 Rc8 27. f4 Nxf4 28. Kh2 g5 29. a4 Bxd3 30. cxd3 Rb8 31. Bxd4 cxd4 32. Nc5 Qb6 33. Ne6 Nxe6 34. Rxe6 Qb2+ 35. Kg1 Rxf1+ 36. Kxf1 Qa1+ 37. Re1 Rb1 38. Rxb1 Qxb1+ 39. Ke2 Qc2+ 40. Kf1 Qd1+ 41. Kf2 Qd2+ 42. Kf1 Qd1+ 43. Kf2 Qxa4 44. Qb8+ Kf7 45. Qc7+ Ke6 46. Qc8+ Qd7 47. Qa6+ Qd6 48. Qxa7 Qf4+ 49. Kg2 Qd2+ 50. Kg1 Qxd3 51. Qb6+ Ke5 52. Qc7+ Ke4 53. Qe7+ Kf3 54. Qf6+ Ke2 55. Qf1+ Kd2 56. Qg2+ Qe2 57. Qxd5 Qe3+ 58. Kg2 Ke1 59. Qf7 Qe4+ 60. Kg1 Qf4 61. Qf5 Qg3+ 62. Kh1 Qxh3+ 63. Kg1 Qe3+ 64. Kg2 Qe2+ 65. Kg1 d3 66. Qa5+ d2 67. Kh1 Kf2 0-1

[Event "American Continental 10th"]
[Site "Praia da Pipa"]
[Date "2014.10.22"]
[Round "6"]
[White "Fiora, Emilio"]
[Black "Umetsubo, Cesar Hidemitsu"]
[Result "0-1"]
[WhiteElo "2058"]
[BlackElo "2355"]
[PlyCount "248"]
[EventDate "2014.10.18"]
[EventType "swiss"]
[EventRounds "11"]
[EventCountry "BRA"]
[SourceTitle "EXT 2015"]
[Source "ChessBase"]
[SourceDate "2014.11.20"]
[SourceVersion "1"]
[SourceVersionDate "2014.11.20"]
[SourceQuality "1"]

1. e4 e5 2. Nf3 Nf6 3. Nc3 Nc6 4. Bb5 Bb4 5. 0-0 0-0 6. d3 d6 7. Bg5 Bxc3 8. bxc3 Qe7 9. Re1 Nd8 10. d4 Ne6 11. Bc1 c5 12. a4 Rd8 13. Bf1 Qc7 14. d5 Nf8 15. Bg5 Qe7 16. Nd2 h6 17. Bxf6 Qxf6 18. Qf3 Qxf3 19. Nxf3 g6 20. Nd2 f5 21. Bd3 f4 22. Reb1 Kf7 23. Nc4 Rd7 24. Rb2 g5 25. Be2 Ke7 26. Rab1 Rc7 27. Rd1 Nh7 28. Nxe5 Nf6 29. f3 Bd7 30. Nc4 Bxa4 31. Ra1 b5 32. Na5 Nd7 33. Nc6+ Kf6 34. Bxb5 Bxb5 35. Rxb5 Ne5 36. Nxe5 Kxe5 37. Kf2 g4 38. Rbb1 Rg7 39. fxg4 Kxe4 40. Rd1 Rxg4 41. Ra4+ Ke5 42. Kf3 h5 43. Re4+ Kf5 44. Re7 Rag8 45. Rf7+ Ke5 46. c4 R8g7 47. Rf8 Rg8 48. Rf7 R8g7 49. Rf8 Rxg2 50. Re8+ Kf5 51. Rf8+ Ke5 52. Re8+ Kf6 53. Rf8+ Ke7 54. Rxf4 Rg1 55. Re4+ Kd7 56. Rxg1 Rxg1 57. Rh4 Rg5 58. Rf4 Ke7 59. Re4+ Re5 60. Rh4 Kf6 61. Rh3 a5 62. Kf4 Rg5 63. Ke4 Rg4+ 64. Kd3 h4 65. Rf3+ Ke5 66. Re3+ Kf5 67. Re6 Rg6 68. Re4 Rg4 69. Re6 Rg6 70. Re4 Rh6 71. Ke3 Rh8 72. Re6 Rd8 73. Kf3 a4 74. Re3 Rb8 75. h3 Rb4 76. Rc3 Ke5 77. Ke3 a3 78. Rxa3 Rxc4 79. Kd2 Kxd5 80. Rf3 Ke4 81. Rf6 d5 82. Rg6 Kf3 83. c3 Rf4 84. Rg5 Ke4 85. c4 dxc4 86. Rxc5 Kd4 87. Rh5 c3+ 88. Kd1 Rf3 89. Rh8 Rxh3 90. Rd8+ Ke3 91. Kc2 Kf2 92. Rh8 Kg2 93. Rh7 Kg1 94. Rh8 Kf1 95. Rh7 Ke1 96. Rh8 Ke2 97. Rh7 Kf2 98. Rh8 Kg2 99. Rh7 Kh2 100. Rh8 Kh1 101. Rh7 Kh2 102. Rh8 Kh1 103. Rh7 Kg1 104. Rh8 Kf1 105. Rh7 Ke1 106. Rh8 Ke2 107. Rh7 Rh1 108. Kxc3 h3 109. Kb2 Kf3 110. Rf7+ Kg3 111. Rg7+ Kh2 112. Kc2 Rg1 113. Ra7 Kg2 114. Rg7+ Kf2 115. Rf7+ Ke3 116. Re7+ Kf3 117. Rf7+ Ke2 118. Re7+ Kf1 119. Rf7+ Kg2 120. Rg7+ Kh1 121. Rh7 h2 122. Kd2 Rg2+ 123. Ke3 Kg1 124. Ra7 h1Q 0-1

[Event "Panama op 3rd"]
[Site "Panama City"]
[Date "2013.11.05"]
[Round "9"]
[White "Frometa Castillo, Zirka"]
[Black "Fiora, Emilio"]
[Result "1-0"]
[WhiteElo "2128"]
[BlackElo "2030"]
[PlyCount "101"]
[EventDate "2013.10.30"]
[EventType "swiss"]
[EventRounds "9"]
[EventCountry "PAN"]
[SourceTitle "EXT 2014"]
[Source "ChessBase"]
[SourceDate "2013.11.20"]
[SourceVersion "1"]
[SourceVersionDate "2013.11.20"]
[SourceQuality "1"]

1. d4 d5 2. Bf4 Nf6 3. e3 c5 4. c3 Nc6 5. Bd3 Qb6 6. b3 g6 7. h3 Bg7 8. Nf3 Ne4 9. 0-0 0-0 10. a3 cxd4 11. cxd4 Be6 12. b4 Rac8 13. Nbd2 Bf5 14. Nb3 a5 15. Bxe4 Bxe4 16. bxa5 Nxa5 17. Nc5 Qb2 18. Nxe4 dxe4 19. Ng5 Nc4 20. Nxe4 Nxa3 21. Qd3 Ra8 22. Rac1 Rfc8 23. Rxc8+ Rxc8 24. Nc5 Qb4 25. Ra1 e5 26. Qxa3 Qxa3 27. Rxa3 exf4 28. Nxb7 Rc1+ 29. Kh2 Rc2 30. Ra8+ Bf8 31. d5 Rc7 32. Rb8 fxe3 33. fxe3 Rd7 34. e4 Kg7 35. Kg3 Bb4 36. Kf3 f5 37. Nd8 fxe4+ 38. Kxe4 Bd6 39. Rb7 Re7+ 40. Ne6+ Kf6 41. Rb1 Rxe6+ 42. dxe6 Kxe6 43. Rb7 Be7 44. Ra7 h6 45. Ra6+ Kf7 46. Ke5 h5 47. g3 Bc5 48. Rc6 Be7 49. Rc7 Kf8 50. Ke6 Bg5 51. h4 1-0

[Event "Wch U16"]
[Site "Maribor"]
[Date "2012.11.14"]
[Round "7.34"]
[White "Kaczmarek, Aleksander"]
[Black "Fiora, Emilio"]
[Result "1-0"]
[WhiteElo "2135"]
[BlackElo "2007"]
[PlyCount "95"]
[EventDate "2012.11.08"]
[EventType "swiss"]
[EventRounds "11"]
[EventCountry "SLO"]
[SourceTitle "EXT 2013"]
[Source "ChessBase"]
[SourceDate "2012.11.22"]
[SourceVersion "1"]
[SourceVersionDate "2012.11.22"]
[SourceQuality "1"]

1. e4 c5 2. Nf3 e6 3. d4 cxd4 4. Nxd4 Qb6 5. Nb3 Qc7 6. Nc3 a6 7. Bd3 b5 8. a3 Bb7 9. 0-0 Nf6 10. f4 d6 11. Qe1 Nbd7 12. Kh1 Be7 13. Bd2 0-0 14. Qg3 Kh8 15. Rae1 d5 16. e5 Ne4 17. Qh3 g6 18. Rf3 Rfe8 19. Ne2 Ndc5 20. Ba5 Qd7 21. Ned4 Rac8 22. Bb4 Nxb3 23. Nxb3 Bxb4 24. axb4 Rc4 25. Qh6 Rg8 26. Rd1 Qc7 27. Bxc4 Qxc4 28. Nd4 Qxb4 29. Kg1 a5 30. Rh3 Rg7 31. Rb3 Qc4 32. Rxb5 Ba6 33. Rb8+ Rg8 34. Rxg8+ Kxg8 35. h3 Qb4 36. Qh4 Qxb2 37. Qd8+ Kg7 38. Qxa5 Nc3 39. Re1 Ne4 40. Nxe6+ fxe6 41. Qxa6 Qd4+ 42. Kh2 Qf2 43. Rxe4 dxe4 44. Qb7+ Kh6 45. Qxe4 Qc5 46. Qa4 Qe3 47. Qb4 Kh5 48. g4+ 1-0

[Event "Villa Maria Cultural op 1st"]
[Site "Villa Maria"]
[Date "2012.02.20"]
[Round "5"]
[White "Fiora, Emilio"]
[Black "Seia, Diego"]
[Result "0-1"]
[WhiteElo "1856"]
[BlackElo "2214"]
[PlyCount "52"]
[EventDate "2012.02.18"]
[EventType "swiss"]
[EventRounds "6"]
[EventCountry "ARG"]
[SourceTitle "EXT 2013"]
[Source "ChessBase"]
[SourceDate "2012.11.22"]
[SourceVersion "1"]
[SourceVersionDate "2012.11.22"]
[SourceQuality "1"]

1. e4 g6 2. d4 Bg7 3. Nc3 d6 4. Be3 c6 5. Qd2 b5 6. a3 a6 7. f4 Nd7 8. Nge2 Nb6 9. Ng3 h5 10. Bd3 h4 11. Nge2 Qc7 12. 0-0 h3 13. g3 Nh6 14. f5 gxf5 15. exf5 Bb7 16. Nf4 Ng4 17. Rae1 c5 18. d5 Nxe3 19. Rxe3 Bd4 20. f6 0-0-0 21. Kh1 Bxe3 22. Qxe3 e5 23. Bf5+ Kb8 24. Nxh3 b4 25. Ne4 Nxd5 26. Qg5 Rdg8 0-1